[Event "14. Sparkassen Open 2015 - Gruppe C"]
[Site "Forchheim"]
[Date "2015.10.03"]
[Round "3.34"]
[White "Weißig, Kersten"]
[Black "Stark, Amalia"]
[Result "1-0"]
[WhiteElo "1235"]
[BlackElo "854"]
[PlyCount "65"]
[EventDate "2015.??.??"]
[WhiteTeam "SV Deggendorf"]
[BlackTeam "SK Rothenburg"]

1. e4 e6 2. d4 d5 3. Nc3 Bb4 4. a3 Bxc3+ 5. bxc3 Nf6 6. Bg5 O-O 7. e5 Nbd7 8.
exf6 Nxf6 9. Nf3 b6 10. Bd3 Bb7 11. Ne5 c5 12. Ng4 c4 13. Be2 h6 14. Bxf6 gxf6
15. Nxh6+ Kg7 16. Qd2 Rh8 17. Ng4 Kf8 18. Qf4 f5 19. Qe5 Rg8 20. Nf6 Rxg2 21.
Nh7+ Ke7 22. Bf3 Rg6 23. Rb1 Rh6 24. Ng5 Kf8 25. Rg1 f6 26. Nxe6+ Kf7 27. Rg7+
Ke8 28. Nc7+ Kf8 29. Ne6+ Ke8 30. Qxf5 Qd6 31. h3 Bc8 32. Bh5+ Rxh5 33. Qxh5#
1-0

[Event "14. Sparkassen Open 2015 - Gruppe C"]
[Site "Forchheim"]
[Date "2015.10.03"]
[Round "3.36"]
[White "Butenandt, Svenja"]
[Black "Albayrak, Nese Pinar"]
[Result "1-0"]
[WhiteElo "1342"]
[BlackElo "885"]
[PlyCount "59"]
[EventDate "2015.??.??"]
[WhiteTeam "TV Tegernsee"]
[BlackTeam "Zabo-Eintracht Nürnberg"]

1. e4 e5 2. Nf3 Nf6 3. Nxe5 d6 4. Nf3 Nxe4 5. Qe2 Bf5 6. d3 Qe7 7. dxe4 Bxe4 8.
Nc3 Bxf3 9. Qxe7+ Bxe7 10. gxf3 O-O 11. Be3 Nc6 12. O-O-O Bf6 13. Nd5 Be5 14.
Nxc7 Rac8 15. Nb5 Ra8 16. Nxd6 Nb4 17. a3 Na2+ 18. Kb1 Nc3+ 19. bxc3 Rfd8 20.
Bg5 f6 21. Bc4+ Kh8 22. Nf7+ Kg8 23. Nxd8+ Kh8 24. Nf7+ Kg8 25. Nxe5+ Kf8 26.
Nd7+ Ke8 27. Rhe1+ Kd8 28. Nb6+ Kc7 29. Nxa8+ Kb8 30. Rd8# 1-0

[Event "14. Sparkassen Open 2015 - Gruppe C"]
[Site "Forchheim"]
[Date "2015.10.03"]
[Round "3.37"]
[White "Stark, Raphael"]
[Black "Bardorz, Stefan"]
[Result "0-1"]
[WhiteElo "862"]
[BlackElo "1227"]
[PlyCount "112"]
[EventDate "2015.??.??"]
[WhiteTeam "SK Rothenburg"]
[BlackTeam "TSV Rottendorf"]

1. e4 e5 2. Nf3 Nc6 3. Bc4 Nf6 4. Ng5 d5 5. Nxf7 Kxf7 6. exd5 Na5 7. d3 Bc5 8.
Qd2 Nxc4 9. dxc4 c6 10. dxc6 Qxd2+ 11. Bxd2 bxc6 12. O-O Bf5 13. c3 Rab8 14. b4
Bd6 15. c5 Bc7 16. Be3 Ng4 17. Bd2 Rhd8 18. Bc1 e4 19. g3 Kg8 20. Bg5 Rd3 21.
a4 Be5 22. Ra3 h6 23. Be3 Nxe3 24. fxe3 Bh3 25. Re1 Rf8 26. b5 cxb5 27. axb5
Rf1+ 28. Rxf1 Bxf1 29. Kxf1 Rd1+ 30. Ke2 Rxb1 31. Rxa7 Rxb5 32. Ra8+ Rb8 33.
Rxb8+ Bxb8 34. Kd2 Kf7 35. Kc2 Ke6 36. Kb3 Kd5 37. Kb4 Ba7 38. c4+ Kc6 39. Kc3
Kxc5 40. h3 Bb8 41. g4 g5 42. Kb3 Be5 43. Kc2 Kxc4 44. Kd2 Bc7 45. Ke2 Kc3 46.
Kf2 Kd2 47. Kf1 Kxe3 48. Ke1 Kf3 49. Kf1 e3 50. Ke1 e2 51. Kd2 Ba5+ 52. Kc2
e1=Q 53. Kb2 Qc3+ 54. Ka2 Qb4 55. Ka1 Qb3 56. h4 Bc3# 0-1

[Event "14. Sparkassen Open 2015 - Gruppe C"]
[Site "Forchheim"]
[Date "2015.10.03"]
[Round "3.38"]
[White "Irnstorfer, Maximilian"]
[Black "Emge, Albin"]
[Result "0-1"]
[WhiteElo "794"]
[BlackElo "1201"]
[PlyCount "48"]
[EventDate "2015.??.??"]
[WhiteTeam "SC Forchheim"]
[BlackTeam "SC Königsspringer Alzenau"]

1. e4 e5 2. Nf3 Nc6 3. Bc4 Bc5 4. O-O Nf6 5. Nc3 O-O 6. d3 d6 7. Nd5 Bg4 8. Bg5
Nd4 9. Kh1 c6 10. Nxf6+ gxf6 11. Bh6 Re8 12. h3 Bh5 13. g4 Bg6 14. Nh4 f5 15.
Nxf5 d5 16. Ng7 Qh4 17. Nxe8 Qxh3+ 18. Kg1 Rxe8 19. Be3 Nf3+ 20. Qxf3 Qxf3 21.
Bxc5 dxc4 22. dxc4 b6 23. Be3 Bxe4 24. Kh2 Qg2# 0-1

[Event "14. Sparkassen Open 2015 - Gruppe C"]
[Site "Forchheim"]
[Date "2015.10.03"]
[Round "3.39"]
[White "Pillath, Marcus"]
[Black "Hoffmann, Steffen"]
[Result "1-0"]
[WhiteElo "1631"]
[BlackElo "1407"]
[PlyCount "49"]
[EventDate "2015.??.??"]
[WhiteTeam "SGem Vaihingen-Rohr"]
[BlackTeam "SC Noris-Tarrasch Nürnberg"]

1. Nf3 Nf6 2. d4 g6 3. c3 d5 4. Bf4 Bg7 5. Qb3 O-O 6. Nbd2 b6 7. e3 Re8 8. h3
Bb7 9. Be2 e6 10. Rc1 Re7 11. c4 Ba6 12. cxd5 Bxe2 13. Kxe2 Nxd5 14. Bg3 Rd7
15. Rc2 a5 16. a3 Ra7 17. Rhc1 Na6 18. Kf1 Bf8 19. Ne5 Nxe3+ 20. Qxe3 Bd6 21.
Nc6 Qa8 22. Bxd6 Rxd6 23. Nxa7 Qxa7 24. Ne4 Rd7 25. Nf6+ 1-0

[Event "14. Sparkassen Open 2015 - Gruppe C"]
[Site "Forchheim"]
[Date "2015.10.04"]
[Round "4.3"]
[White "Wirtz-Stark, Jürgen"]
[Black "Knoll, Ernst"]
[Result "0-1"]
[WhiteElo "1072"]
[BlackElo "1515"]
[PlyCount "78"]
[EventDate "2015.??.??"]
[WhiteTeam "SK Rothenburg"]
[BlackTeam "Schachtreff Röttenbach"]

1. e4 e6 2. d4 d5 3. e5 c5 4. c3 Qb6 5. Nf3 Nc6 6. Be2 Bd7 7. O-O Rc8 8. Be3
Qxb2 9. Qd2 Qxd2 10. Bxd2 cxd4 11. cxd4 Nge7 12. Nc3 Nf5 13. Bb5 Ncxd4 14. Nxd4
Nxd4 15. Bxd7+ Kxd7 16. Rab1 b6 17. Be3 Nc6 18. Bf4 Nd4 19. Be3 Nf5 20. Nxd5
exd5 21. Bf4 Bc5 22. Rfd1 Ke6 23. Rd2 h6 24. g4 Nh4 25. Rd3 Ng6 26. Bg3 Rhd8
27. Kg2 Ne7 28. f4 g6 29. Rbd1 h5 30. Bh4 hxg4 31. Kg3 Nf5+ 32. Kxg4 Rh8 33.
Bf6 Rxh2 34. Rxd5 Ne3+ 35. Kf3 Nxd1 36. Rxd1 Kf5 37. Bg5 Bb4 38. Kg3 Rxa2 39.
Rh1 Ra3+ 0-1

[Event "14. Sparkassen Open 2015 - Gruppe C"]
[Site "Forchheim"]
[Date "2015.10.04"]
[Round "4.5"]
[White "Böse, Christina"]
[Black "Roesner, Rolf"]
[Result "1/2-1/2"]
[WhiteElo "1454"]
[BlackElo "1425"]
[PlyCount "32"]
[EventDate "2015.??.??"]
[WhiteTeam "SC Bechhofen"]
[BlackTeam "SC Erlangen"]

1. d4 Nf6 2. c4 e6 3. g3 d5 4. Bg2 c6 5. cxd5 exd5 6. Nc3 Bb4 7. Qc2 O-O 8. Bd2
Re8 9. e3 Bxc3 10. bxc3 Bg4 11. Nf3 Nbd7 12. O-O Bh5 13. c4 Bg6 14. Qb3 Qb6 15.
Rfc1 dxc4 16. Qxc4 Qd8 1/2-1/2

[Event "14. Sparkassen Open 2015 - Gruppe C"]
[Site "Forchheim"]
[Date "2015.10.04"]
[Round "4.7"]
[White "Bardorz, Jana"]
[Black "Sroka, Dieter"]
[Result "1/2-1/2"]
[WhiteElo "1375"]
[BlackElo "1739"]
[PlyCount "31"]
[EventDate "2015.??.??"]
[WhiteTeam "TSV Rottendorf"]
[BlackTeam "SC  JÄKLECHEMIE"]

1. e4 c5 2. Nc3 Nc6 3. g3 g6 4. Bg2 Bg7 5. f4 d6 6. Nf3 Nf6 7. d3 O-O 8. O-O e6
9. h3 Nd7 10. Be3 Nd4 11. Rb1 Rb8 12. Ne2 Nxf3+ 13. Bxf3 b5 14. d4 Qc7 15. c3
e5 16. Bg2 1/2-1/2

[Event "14. Sparkassen Open 2015 - Gruppe C"]
[Site "Forchheim"]
[Date "2015.10.04"]
[Round "4.8"]
[White "Eichenauer, Pascal"]
[Black "Kolb, Tobias"]
[Result "1-0"]
[WhiteElo "1564"]
[BlackElo "1412"]
[PlyCount "77"]
[EventDate "2015.??.??"]
[WhiteTeam "SV Würzburg"]
[BlackTeam "SV Seubelsdorf"]

1. e4 e5 2. Nf3 Nc6 3. Nc3 Nf6 4. d4 exd4 5. Nxd4 Bb4 6. Nxc6 dxc6 7. Qxd8+
Kxd8 8. Bd2 Re8 9. O-O-O Bd7 10. f3 b5 11. Bd3 a5 12. Rhe1 Bd6 13. Ne2 a4 14.
Nd4 Bc5 15. Be3 Kc8 16. Nf5 Bxe3+ 17. Nxe3 Be6 18. Kb1 Kb7 19. e5 Nd5 20. Nxd5
Bxd5 21. Bxb5 cxb5 22. Rxd5 Kc6 23. Red1 Re7 24. c3 Rae8 25. f4 h6 26. Kc2 g5
27. g3 Rf8 28. Rd8 Rfe8 29. R1d4 f6 30. exf6 Re2+ 31. Rd2 Rxd2+ 32. Rxd2 Rf8
33. fxg5 hxg5 34. Rf2 Kd6 35. h4 gxh4 36. gxh4 Ke6 37. Kd3 Rxf6 38. Rxf6+ Kxf6
39. Kd4 1-0

[Event "14. Sparkassen Open 2015 - Gruppe C"]
[Site "Forchheim"]
[Date "2015.10.04"]
[Round "4.9"]
[White "Bardorz, Christoph"]
[Black "Walter, Gabriele"]
[Result "1/2-1/2"]
[WhiteElo "1552"]
[BlackElo "1246"]
[PlyCount "115"]
[EventDate "2015.??.??"]
[WhiteTeam "TSV Rottendorf"]
[BlackTeam "SV Lauf"]

1. e4 c5 2. Nc3 Nc6 3. g3 g6 4. Bg2 Bg7 5. f4 e6 6. Nf3 Nf6 7. O-O O-O 8. d3 d5
9. exd5 Nxd5 10. Nxd5 exd5 11. Rb1 Re8 12. Re1 Bg4 13. h3 Bxf3 14. Rxe8+ Qxe8
15. Bxf3 Qd7 16. Bg2 Re8 17. c3 Re7 18. Bd2 d4 19. Qf3 Qe8 20. Kf2 dxc3 21.
bxc3 Nd8 22. Re1 Rxe1 23. Bxe1 Qa4 24. Qe2 Kf8 25. Bd5 Qe8 26. Qxe8+ Kxe8 27.
Ke3 Ke7 28. d4 Kd6 29. Bb3 cxd4+ 30. cxd4 Ne6 31. Bb4+ Kc7 32. Bc3 Kd6 33. Kd3
b5 34. a4 a6 35. axb5 axb5 36. Bb4+ Kd7 37. Bc3 Kd6 38. Bd1 Kd5 39. Bf3+ Kd6
40. Bb7 f5 41. Bf3 Bf8 42. Ke3 Kc7 43. Bd5 Kd7 44. Kd3 Ba3 45. Bd2 Bb2 46. Be3
b4 47. g4 Bc3 48. gxf5 gxf5 49. Bb3 Be1 50. Kc4 Bg3 51. Bc2 Bxf4 52. Bxf4 Nxf4
53. Bxf5+ Kd6 54. Bxh7 Nxh3 55. Bg8 Nf2 56. Kxb4 Kd7 57. Kc5 Kd8 58. Bh7
1/2-1/2

[Event "14. Sparkassen Open 2015 - Gruppe C"]
[Site "Forchheim"]
[Date "2015.10.04"]
[Round "4.10"]
[White "Klinkhammer, Christopher"]
[Black "Alka, Kurt"]
[Result "1-0"]
[WhiteElo "1503"]
[BlackElo "1352"]
[PlyCount "103"]
[EventDate "2015.??.??"]
[WhiteTeam "SG Siemens Amberg"]
[BlackTeam "SC Erlangen"]

1. c4 e6 2. Nc3 Nf6 3. g3 d5 4. cxd5 exd5 5. d4 c6 6. Bg2 Bf5 7. Bf4 Bd6 8. Nf3
Bxf4 9. gxf4 Nbd7 10. h3 Ne4 11. O-O g5 12. Nxe4 Bxe4 13. Nxg5 Bxg2 14. Kxg2
Rg8 15. Kh2 h6 16. Nf3 Qf6 17. e3 O-O-O 18. Rg1 Qe6 19. Ne5 Nxe5 20. fxe5 f6
21. exf6 Qxf6 22. f4 Qe6 23. Qf3 Qf5 24. Rg4 Qc2+ 25. Qg2 Qxg2+ 26. Kxg2 h5 27.
Rg5 h4 28. Kf3 Rde8 29. Rag1 Rh8 30. Rg7 Re4 31. Rg8+ Rxg8 32. Rxg8+ Kc7 33.
Rh8 Re7 34. Rxh4 Rg7 35. Rg4 Rh7 36. h4 Kb6 37. f5 Kb5 38. f6 Rf7 39. Rf4 Kc4
40. h5 Kd3 41. h6 Kc2 42. h7 Rxh7 43. f7 Rh8 44. f8=Q Rxf8 45. Rxf8 Kxb2 46.
Rf7 b5 47. Rc7 b4 48. e4 c5 49. dxc5 d4 50. Rd7 Kxa2 51. Rxd4 b3 52. Rb4 1-0

[Event "14. Sparkassen Open 2015 - Gruppe C"]
[Site "Forchheim"]
[Date "2015.10.04"]
[Round "4.11"]
[White "Hackner, Felix"]
[Black "Steindl, Horst"]
[Result "1-0"]
[WhiteElo "1486"]
[BlackElo "1225"]
[PlyCount "133"]
[EventDate "2015.??.??"]
[WhiteTeam "SC Kreut"]
[BlackTeam "SW Nürnberg Süd"]

1. e4 c6 2. Nf3 d5 3. Nc3 dxe4 4. Nxe4 Nf6 5. Ng3 Bg4 6. Be2 e6 7. c3 Be7 8.
O-O O-O 9. d4 Nbd7 10. h3 Bxf3 11. Bxf3 Qc7 12. Qc2 Rfe8 13. h4 Bd6 14. Ne4
Bh2+ 15. Kh1 Bf4 16. g3 Bxc1 17. Raxc1 Rab8 18. Kg2 Nxe4 19. Bxe4 Nf6 20. Bd3
a6 21. Rh1 e5 22. dxe5 Qxe5 23. Rcd1 Qd5+ 24. f3 Qxa2 25. g4 g6 26. h5 Re7 27.
hxg6 fxg6 28. Bxg6 Rg7 29. Bd3 b5 30. Rh6 Rf8 31. Rdh1 Qf7 32. Bf5 Qe7 33. Kg3
Qc7+ 34. f4 Rff7 35. Be6 Nh5+ 36. R1xh5 Qxf4+ 37. Kh4 Qc7 38. Rxh7 Rxg4+ 39.
Bxg4 Rxh7 40. Qg6+ Kh8 41. Rxh7+ Qxh7+ 42. Qxh7+ Kxh7 43. Kg5 Kg7 44. Kf5 Kf7
45. Ke5 Ke7 46. Be6 a5 47. Ba2 b4 48. cxb4 axb4 49. Bc4 Kd7 50. b3 Kc7 51. Ke6
Kb7 52. Kd6 Kb6 53. Bd3 Kb7 54. Kc5 Kc7 55. Be4 Kb7 56. Bxc6+ Ka6 57. Ba4 Ka5
58. Kc4 Ka6 59. Kxb4 Kb6 60. Be8 Ka6 61. Kc5 Ka5 62. b4+ Ka6 63. Kc6 Ka7 64.
Kc7 Ka8 65. b5 Ka7 66. b6+ Ka8 67. Bc6# 1-0

[Event "14. Sparkassen Open 2015 - Gruppe C"]
[Site "Forchheim"]
[Date "2015.10.04"]
[Round "4.12"]
[White "Högner, Tom"]
[Black "Schwarz, Matthias"]
[Result "0-1"]
[WhiteElo "1343"]
[BlackElo "1633"]
[PlyCount "54"]
[EventDate "2015.??.??"]
[WhiteTeam "SC Erlangen"]
[BlackTeam "SG Idstein"]

1. e4 e5 2. Nf3 Nc6 3. d4 exd4 4. Nxd4 Bc5 5. Be3 Qf6 6. c3 Nge7 7. Be2 b6 8.
O-O Bb7 9. f3 O-O-O 10. Qd3 Ne5 11. Qc2 Qg6 12. Nd2 Nd5 13. exd5 Bxd4 14. Qe4
Qxe4 15. Nxe4 Bxe3+ 16. Nf2 Bxf2+ 17. Kxf2 Bxd5 18. b3 Rhe8 19. c4 Bb7 20. b4
Re7 21. a4 Rde8 22. c5 Ng4+ 23. fxg4 Rxe2+ 24. Kg3 Rxg2+ 25. Kh4 Re6 26. Rxf7
Rxh2+ 27. Kg3 Rh3+ 0-1

[Event "14. Sparkassen Open 2015 - Gruppe C"]
[Site "Forchheim"]
[Date "2015.10.04"]
[Round "4.13"]
[White "Schad, Gerhard"]
[Black "Wagner, Thomas"]
[Result "1/2-1/2"]
[WhiteElo "1683"]
[BlackElo "1352"]
[PlyCount "71"]
[EventDate "2015.??.??"]
[WhiteTeam "SV Neustadt/Aisch"]
[BlackTeam "vereinslos"]

1. e4 c5 2. Nc3 d6 3. f4 g6 4. Nf3 Bg7 5. Bb5+ Bd7 6. Bc4 Nc6 7. d3 e6 8. Nb5
Bc8 9. a3 a6 10. Nc3 Nge7 11. Be3 Nd4 12. Rb1 Nec6 13. Ne2 Nxf3+ 14. gxf3 d5
15. Ba2 d4 16. Bf2 Qa5+ 17. Qd2 Qxd2+ 18. Kxd2 Bh6 19. Bg3 f5 20. Ng1 Bd7 21.
Nh3 e5 22. Ke2 exf4 23. Bxf4 Bxf4 24. Nxf4 O-O-O 25. Nd5 fxe4 26. fxe4 Bg4+ 27.
Kd2 Kb8 28. Nb6 Kc7 29. Nd5+ Kd6 30. Rhf1 Rdf8 31. Nb6 Ne5 32. Nc4+ Nxc4+ 33.
Bxc4 b5 34. Bd5 Be6 35. Bb7 Kc7 36. Bd5 1/2-1/2

[Event "14. Sparkassen Open 2015 - Gruppe C"]
[Site "Forchheim"]
[Date "2015.10.04"]
[Round "4.19"]
[White "Michel, Philipp"]
[Black "Hanft, Günter"]
[Result "0-1"]
[WhiteElo "1312"]
[BlackElo "1715"]
[PlyCount "108"]
[EventDate "2015.??.??"]
[WhiteTeam "SC Forchheim"]
[BlackTeam "SC Bamberg"]

1. c4 Nf6 2. d4 e6 3. Nc3 d5 4. e3 c6 5. Nf3 Bd6 6. c5 Bc7 7. a3 Nbd7 8. Bd3 e5
9. dxe5 Nxe5 10. O-O Nxd3 11. Qxd3 O-O 12. Nd4 Re8 13. f3 a5 14. e4 dxe4 15.
fxe4 Ng4 16. Bf4 Qe7 17. Bxc7 Qxc7 18. g3 Rd8 19. Rfd1 Qe5 20. Na4 b5 21. Nb6
Rb8 22. Nxc8 Rbxc8 23. Rac1 h5 24. Nxc6 Rxd3 25. Nxe5 Nxe5 26. Rxd3 Nxd3 27.
Rd1 Nxc5 28. Rc1 Rc7 29. b4 axb4 30. axb4 Na6 31. Rxc7 Nxc7 32. Kf2 Na6 33. Ke2
Nxb4 34. Kd2 Nc6 35. Kc3 g5 36. h3 Kg7 37. Kd3 Kf6 38. g4 hxg4 39. hxg4 Ne5+
40. Kc3 Nxg4 41. Kb4 Nf2 42. Kxb5 g4 43. Kc4 g3 44. Kd4 g2 45. Kd5 g1=Q 46. e5+
Ke7 47. e6 Qg4 48. exf7 Kxf7 49. Ke5 Qe4+ 50. Kd6 Nd3 51. Kd7 Qe6+ 52. Kc7 Nc5
53. Kb8 Qd7 54. Ka8 Qb7# 0-1

[Event "14. Sparkassen Open 2015 - Gruppe C"]
[Site "Forchheim"]
[Date "2015.10.04"]
[Round "4.21"]
[White "Roth, Ludwig"]
[Black "Schwarz, Dominik"]
[Result "0-1"]
[WhiteElo "1164"]
[BlackElo "1447"]
[PlyCount "146"]
[EventDate "2015.??.??"]
[WhiteTeam "Spvgg Stetten"]
[BlackTeam "SC Prichsenstadt"]

1. e4 d5 2. exd5 Qxd5 3. Nc3 Qd6 4. d4 a6 5. Nf3 Nf6 6. Bc4 b5 7. Bb3 Bb7 8. h3
e6 9. O-O c5 10. d5 c4 11. dxe6 Qxd1 12. exf7+ Kxf7 13. Bxc4+ bxc4 14. Rxd1 Be7
15. Ne5+ Ke8 16. Nxc4 Nbd7 17. Re1 Kf7 18. Bf4 Nd5 19. Bd6 Bf6 20. Rad1 Nxc3
21. bxc3 Rhe8 22. Bb4 Rxe1+ 23. Rxe1 Kg8 24. Na5 Bd5 25. c4 Bf7 26. Nb3 Bxc4
27. Re4 Bf7 28. c4 Re8 29. Rf4 Nb6 30. c5 Nd5 31. Rg4 Nxb4 32. Rxb4 Bxb3 33.
axb3 Re1+ 34. Kh2 Be5+ 35. g3 Rc1 36. Rb6 Rxc5 37. Rxa6 Rb5 38. Ra3 Bb2 39.
Ra8+ Kf7 40. Ra7+ Ke6 41. Rxg7 Bxg7 42. g4 Rxb3 43. Kg2 Rb2 44. Kg3 Bd4 45. f3
Rb3 46. Kf4 Be3+ 47. Ke4 Bc5 48. Kf4 h6 49. Ke4 Rb4+ 50. Kd3 Ke5 51. Ke2 Kf4
52. h4 Rb3 53. h5 Rxf3 54. Kd2 Kxg4 55. Ke2 Ra3 56. Kd2 Bf8 57. Kc2 Kf4 58. Kb2
Rh3 59. Kc2 Ke4 60. Kb2 Kd4 61. Ka2 Kc4 62. Kb2 Rg3 63. Ka2 Kb4 64. Kb2 Rg2+
65. Kc1 Kb3 66. Kd1 Kc3 67. Ke1 Kd3 68. Kf1 Ra2 69. Ke1 Rb2 70. Kf1 Ke3 71. Kg1
Kf3 72. Kh1 Kg3 73. Kg1 Rb1# 0-1

[Event "14. Sparkassen Open 2015 - Gruppe C"]
[Site "Forchheim"]
[Date "2015.10.04"]
[Round "4.22"]
[White "Heller, Thomas"]
[Black "Haller, Inna"]
[Result "1-0"]
[WhiteElo "1379"]
[BlackElo "761"]
[PlyCount "29"]
[EventDate "2015.??.??"]
[WhiteTeam "SC Forchheim"]
[BlackTeam "Aschaffenburg-Schweinheim"]

1. e4 e5 2. f4 d6 3. Nf3 Bg4 4. Bc4 c6 5. a4 Ne7 6. Nxe5 dxe5 7. Qxg4 g6 8.
fxe5 Qd4 9. d3 Qxe5 10. O-O Bg7 11. Bxf7+ Kd8 12. Bf4 Qxb2 13. Qe6 Qxa1 14.
Qd6+ Nd7 15. Qc7# 1-0

[Event "14. Sparkassen Open 2015 - Gruppe C"]
[Site "Forchheim"]
[Date "2015.10.04"]
[Round "4.23"]
[White "Schwitulla, Jochen"]
[Black "Erdösi, Niko"]
[Result "0-1"]
[WhiteElo "1029"]
[BlackElo "1498"]
[PlyCount "68"]
[EventDate "2015.??.??"]
[WhiteTeam "Aschaffenburg-Schweinheim"]
[BlackTeam "TV Tegernsee"]

1. e4 c5 2. d3 d6 3. Nc3 g6 4. Nf3 Bg7 5. Bf4 Nc6 6. Be2 Nf6 7. h3 O-O 8. e5
Nh5 9. Bg3 Nxg3 10. fxg3 Nxe5 11. O-O Nc6 12. Rb1 b6 13. Ng5 Nd4 14. Bf3 Rb8
15. Bd5 e6 16. Nxh7 Kxh7 17. Be4 Qg5 18. Kh2 Be5 19. Qg4 Qxg4 20. hxg4 Nxc2 21.
Ne2 Ne3 22. Rf3 Nxg4+ 23. Kh3 Nh6 24. Nf4 Ba6 25. Nxg6 fxg6 26. Re3 Rf2 27.
Rbe1 Rxb2 28. Rd1 Rxa2 29. g4 Bb7 30. g5 Nf5 31. Rf1 Kg7 32. Ree1 Rh8+ 33. Kg4
Rh4+ 34. Kf3 Rf4# 0-1

[Event "14. Sparkassen Open 2015 - Gruppe C"]
[Site "Forchheim"]
[Date "2015.10.04"]
[Round "4.24"]
[White "Kodalle, Dominik"]
[Black "Paeslack, Timo"]
[Result "1-0"]
[WhiteElo "1262"]
[BlackElo "889"]
[PlyCount "47"]
[EventDate "2015.??.??"]
[WhiteTeam "Aschaffenburg-Schweinheim"]
[BlackTeam "SK Mainaschaff"]

1. e4 e5 2. Nf3 Nc6 3. Bb5 Nf6 4. O-O Nxe4 5. Re1 Nf6 6. Nxe5 Nxe5 7. Rxe5+ Be7
8. Qe2 c6 9. Ba4 Ng8 10. Qe1 d6 11. Re2 b5 12. Bb3 d5 13. d4 Qb6 14. c3 Ba6 15.
Bg5 f6 16. Bf4 b4 17. Re3 bxc3 18. bxc3 c5 19. Bxd5 cxd4 20. Rxe7+ Nxe7 21.
Bxa8 O-O 22. Qxe7 Qb2 23. Bd5+ Kh8 24. Qxf8# 1-0

[Event "14. Sparkassen Open 2015 - Gruppe C"]
[Site "Forchheim"]
[Date "2015.10.04"]
[Round "4.25"]
[White "Homfeldt, Maren"]
[Black "Albayrak, Atilla"]
[Result "0-1"]
[WhiteElo "1332"]
[BlackElo "1419"]
[PlyCount "86"]
[EventDate "2015.??.??"]
[WhiteTeam "SC Noris-Tarrasch Nürnberg"]
[BlackTeam "Zabo-Eintracht Nürnberg"]

1. g3 d5 2. Bg2 c6 3. e3 Nf6 4. h3 Bf5 5. d3 e5 6. Ne2 Bb4+ 7. Nd2 Nbd7 8. a3
Ba5 9. O-O O-O 10. b3 h6 11. Bb2 Bc7 12. Kh2 Nc5 13. f3 Qd6 14. e4 Bg6 15. b4
Ne6 16. h4 Nd7 17. c4 d4 18. c5 Qe7 19. f4 exf4 20. Nxf4 Nxf4 21. gxf4 Qxh4+
22. Bh3 Bxf4+ 23. Rxf4 Qxf4+ 24. Kg2 Ne5 25. Bxd4 Nxd3 26. Qe2 Qg5+ 27. Bg4
Nf4+ 28. Kf1 Nxe2 29. Bxe2 Qxd2 30. Bf2 Bxe4 31. Rd1 Bg2+ 32. Kxg2 Qxe2 33. Re1
Qg4+ 34. Kf1 Rfe8 35. Rxe8+ Rxe8 36. a4 Qe2+ 37. Kg2 Re3 38. b5 Qg4+ 39. Kf1
Qh3+ 40. Kg1 Rb3 41. Be1 Rb1 42. Kf2 Qf5+ 43. Ke2 Qe5+ 0-1

[Event "14. Sparkassen Open 2015 - Gruppe C"]
[Site "Forchheim"]
[Date "2015.10.04"]
[Round "4.26"]
[White "Gehrke, Korbinian"]
[Black "Meier, Jannik"]
[Result "0-1"]
[WhiteElo "1271"]
[BlackElo "1288"]
[PlyCount "108"]
[EventDate "2015.??.??"]
[WhiteTeam "TV Tegernsee"]
[BlackTeam "TV Tegernsee"]

1. e4 c5 2. Nf3 d6 3. d4 cxd4 4. Nxd4 Nf6 5. Nc3 g6 6. Be3 Bg7 7. f3 Nc6 8. Qd2
O-O 9. g4 Bd7 10. O-O-O Qa5 11. Kb1 Rfc8 12. Nb3 Qd8 13. h4 h5 14. gxh5 Nxh5
15. Nd5 Be5 16. Bd4 Nxd4 17. Nxd4 e6 18. Ne3 Bf4 19. Qd3 Be5 20. Ng4 Bg7 21.
Qb3 Qb6 22. Qe3 Ba4 23. Rd2 Bxc2+ 24. Rxc2 Rxc2 25. Kxc2 Bxd4 26. Qh6 Qxb2+ 27.
Kd1 Bg7 28. Qd2 Qxd2+ 29. Kxd2 Ng3 30. Rg1 Nxf1+ 31. Rxf1 Rc8 32. Rc1 Rxc1 33.
Kxc1 f5 34. exf5 exf5 35. Ne3 Bh6 36. Kd2 Kf7 37. Kd3 Bxe3 38. Kxe3 Ke6 39. Kd4
b5 40. a3 a5 41. Kc3 Kd5 42. f4 Ke4 43. h5 gxh5 44. Kd2 h4 45. Ke2 d5 46. Kf2
d4 47. Kf1 d3 48. Kf2 h3 49. Kf1 d2 50. Ke2 h2 51. Kxd2 h1=Q 52. Ke2 Qg2+ 53.
Ke1 Ke3 54. Kd1 Qd2# 0-1

[Event "14. Sparkassen Open 2015 - Gruppe C"]
[Site "Forchheim"]
[Date "2015.10.04"]
[Round "4.27"]
[White "Albayrak, Berrak"]
[Black "Butenandt, Svenja"]
[Result "0-1"]
[WhiteElo "962"]
[BlackElo "1342"]
[PlyCount "86"]
[EventDate "2015.??.??"]
[WhiteTeam "Zabo-Eintracht Nürnberg"]
[BlackTeam "TV Tegernsee"]

1. e4 c5 2. Nf3 d6 3. d4 cxd4 4. Nxd4 Nf6 5. Nc3 g6 6. f4 Bg7 7. Be2 Nc6 8. O-O
Nxe4 9. Bb5 Nxc3 10. bxc3 Bd7 11. Nxc6 bxc6 12. Ba4 Qb6+ 13. Kh1 Bxc3 14. Bb2
Qxb2 15. Rb1 Qxa2 16. Bb3 Qa3 17. Qd3 Bb4 18. Qd4 O-O 19. Ra1 Bc5 20. Qd3 Qb4
21. Rab1 Qd4 22. Rbe1 Qxd3 23. cxd3 e6 24. Rd1 Bd4 25. Ba4 Rfd8 26. Rc1 c5 27.
Rc4 d5 28. Rc2 Bxa4 29. Rd2 Bb5 30. Rb1 Be3 31. Rdd1 Ba4 32. Re1 Bxf4 33. Ra1
Bb5 34. Red1 a5 35. Rab1 Be8 36. d4 cxd4 37. Rxd4 Be5 38. Rd3 Rdb8 39. Rc1 a4
40. Re1 a3 41. Rxe5 Rb1+ 42. Rd1 Rxd1+ 43. Re1 Rxe1# 0-1

[Event "14. Sparkassen Open 2015 - Gruppe C"]
[Site "Forchheim"]
[Date "2015.10.04"]
[Round "4.28"]
[White "Stoib, Marinus"]
[Black "Hauck, Martin"]
[Result "0-1"]
[WhiteElo "1561"]
[BlackElo "1035"]
[PlyCount "50"]
[EventDate "2015.??.??"]
[WhiteTeam "TV Tegernsee"]
[BlackTeam "SC Noris-Tarrasch Nürnberg"]

1. e4 e5 2. Nf3 Nc6 3. Bc4 d6 4. h3 Nf6 5. d3 Be6 6. Bb3 d5 7. exd5 Bxd5 8. Nc3
Bb4 9. Bg5 Bxb3 10. axb3 Qd6 11. O-O h6 12. Bxf6 Qxf6 13. Nd5 Qd6 14. c4 O-O-O
15. Nxb4 Qxb4 16. Qe2 Rhe8 17. Ra3 a6 18. Nd2 Nd4 19. Qg4+ Kb8 20. Rd1 g6 21.
Ra4 Qe7 22. Qg3 Ne2+ 23. Kh2 Nxg3 24. fxg3 Rxd3 25. Raa1 Rd7 0-1

[Event "14. Sparkassen Open 2015 - Gruppe C"]
[Site "Forchheim"]
[Date "2015.10.04"]
[Round "4.29"]
[White "Bardorz, Stefan"]
[Black "Adelhardt, Lisa"]
[Result "1-0"]
[WhiteElo "1227"]
[BlackElo "1028"]
[PlyCount "57"]
[EventDate "2015.??.??"]
[WhiteTeam "TSV Rottendorf"]
[BlackTeam "Schachtreff Röttenbach"]

1. e4 e5 2. Nf3 Nc6 3. d4 exd4 4. Nxd4 Nxd4 5. Qxd4 c5 6. Qc3 a6 7. Bf4 f6 8.
Bd3 d5 9. exd5 b5 10. O-O Bd6 11. Bxd6 Qxd6 12. Qa3 b4 13. Re1+ Ne7 14. Qb3 O-O
15. Rxe7 Qxe7 16. d6+ Qf7 17. Bc4 Bf5 18. Bxf7+ Rxf7 19. c3 Re8 20. Nd2 Be6 21.
Qa4 Ra8 22. cxb4 cxb4 23. Qc6 Raa7 24. Qe8+ Rf8 25. Qxe6+ Rff7 26. Qe8+ Rf8 27.
d7 Ra8 28. Re1 a5 29. Qxa8 1-0

[Event "14. Sparkassen Open 2015 - Gruppe C"]
[Site "Forchheim"]
[Date "2015.10.04"]
[Round "4.30"]
[White "Emge, Albin"]
[Black "Antonava, Sviatlana"]
[Result "1-0"]
[WhiteElo "1201"]
[BlackElo "977"]
[PlyCount "63"]
[EventDate "2015.??.??"]
[WhiteTeam "SC Königsspringer Alzenau"]
[BlackTeam "SGem Fürth"]

1. e4 e6 2. d4 d5 3. e5 c5 4. c3 Nc6 5. Bb5 Bd7 6. Nf3 g6 7. O-O a6 8. Ba4 b5
9. Bb3 cxd4 10. cxd4 Bg7 11. Bd2 Nge7 12. Bc2 O-O 13. Qc1 f6 14. Bh6 Rf7 15.
Bxg7 Rxg7 16. exf6 Rf7 17. fxe7 Qxe7 18. Ng5 Rff8 19. Nf3 Rac8 20. Qd2 e5 21.
dxe5 Nxe5 22. Nxe5 Qxe5 23. Re1 Qxb2 24. Qxd5+ Kh8 25. Qe5+ Qxe5 26. Rxe5 Rxc2
27. Na3 Rfxf2 28. Rg5 b4 29. Nc4 Bc6 30. Ne5 Bd5 31. Nd7 Rf5 32. Rg3 1-0

[Event "14. Sparkassen Open 2015 - Gruppe C"]
[Site "Forchheim"]
[Date "2015.10.04"]
[Round "4.31"]
[White "Walter, Stefanie"]
[Black "Reiser, Silas"]
[Result "1-0"]
[WhiteElo "1178"]
[BlackElo "865"]
[PlyCount "57"]
[EventDate "2015.??.??"]
[WhiteTeam "SV Lauf"]
[BlackTeam "TV Tegernsee"]

1. e4 c5 2. d4 cxd4 3. Qxd4 Nc6 4. Qd1 d6 5. Nc3 Nf6 6. Bc4 g6 7. Nf3 Bg7 8.
O-O O-O 9. h3 Bd7 10. Re1 Qc8 11. e5 dxe5 12. b3 Bxh3 13. gxh3 Qxh3 14. Ne4
Qg4+ 15. Ng3 Rfd8 16. Nd2 Qh3 17. Qf3 Ng4 18. Qg2 Qh4 19. Nde4 Rd4 20. Bg5 Qh2+
21. Qxh2 Nxh2 22. Kxh2 Nb4 23. c3 Nc2 24. cxd4 Nxe1 25. Rxe1 exd4 26. Bxe7 Re8
27. Bf6 Kf8 28. Bxg7+ Kxg7 29. Rg1 1-0